MARC

LEADER 00000nam0a2200000 4500
001 136999
005 20231031140847.0
010 |a 5020027006 
035 |a (RuTPU)RU\TPU\book\148485 
090 |a 136999 
100 |a 20080503d1991 k y0rusy50 ca 
101 0 |a rus 
102 |a RU 
105 |a a z 001zy 
200 1 |a Ранняя кора земли: ее состав и возраст  |f Академия наук СССР (АН СССР), Институт геохимии и аналитической химии (ГЕОХИ) 
210 |a Москва  |c Наука  |d 1991 
215 |a 225 с.  |c ил. 
225 1 |a Литература по геологии 
320 |a Библиография в конце статей 
610 1 |a земная кора 
610 1 |a происхождение 
610 1 |a состав 
610 1 |a возраст 
675 |a 551.12  |v 3 
712 0 2 |a Академия наук СССР (АН СССР)  |b Институт геохимии и аналитической химии (ГЕОХИ)  |c (Москва)  |2 stltpush  |3 (RuTPU)RU\TPU\col\11383 
801 1 |a RU  |b 63413507  |c 20080503  |g PSBO 
801 2 |a RU  |b 63413507  |c 20090119  |g PSBO 
942 |c BK